Eastern Utah Libraries Catalog: Duchesne, Heber, Roosevelt, & Vernal

Barb the last Berzerker / (Record no. 368099)

MARC details
000 -LEADER
fixed length control field 04200nam a2200793 i 4500
001 - CONTROL NUMBER
control field 3194995
005 - DATE AND TIME OF LATEST TRANSACTION
control field 20211129122611.0
008 - FIXED-LENGTH DATA ELEMENTS--GENERAL INFORMATION
fixed length control field 210927m20219999nyua c 6 000 0 eng
010 ## - LIBRARY OF CONGRESS CONTROL NUMBER
LC control number 2021009678
020 ## - INTERNATIONAL STANDARD BOOK NUMBER
International Standard Book Number 9781534485716 (volume 1) :
Terms of availability $13.99
020 ## - INTERNATIONAL STANDARD BOOK NUMBER
International Standard Book Number 1534485716 (volume 1) :
Terms of availability $13.99
020 ## - INTERNATIONAL STANDARD BOOK NUMBER
International Standard Book Number 9781534485723 (volume 1 : paperback)
020 ## - INTERNATIONAL STANDARD BOOK NUMBER
International Standard Book Number 9781534485747 (volume 2)
020 ## - INTERNATIONAL STANDARD BOOK NUMBER
International Standard Book Number 1534485740 (volume 2)
035 ## - SYSTEM CONTROL NUMBER
System control number (OCoLC)1269244599
035 ## - SYSTEM CONTROL NUMBER
System control number (OCoLC)on1269244599
035 ## - SYSTEM CONTROL NUMBER
System control number 3158418
040 ## - CATALOGING SOURCE
Original cataloging agency PABRO
Language of cataloging eng
Description conventions rda
Transcribing agency PABRO
050 ## - LIBRARY OF CONGRESS CALL NUMBER
Classification number 741.5973
082 00 - DEWEY DECIMAL CLASSIFICATION NUMBER
Classification number 741.5/973
Edition number 23
092 ## - LOCALLY ASSIGNED DEWEY CALL NUMBER (OCLC)
Classification number 741.5973
Item number B228 2021
999 ## - SYSTEM CONTROL NUMBERS (KOHA)
Koha Dewey Subclass [OBSOLETE] 741.5973 B228 2021
245 00 - TITLE STATEMENT
Title Barb the last Berzerker /
Statement of responsibility, etc by Dan & Jason.
250 ## - EDITION STATEMENT
Edition statement First edition.
264 #1 - Production, Publication, Distribution, Manufacture, and Copyright Notice.
Place of production, publication, distribution, manufacture New York :
Name of producer, publisher, distributor, manufacturer Simon & Schuster Books for Young Readers,
Date of production, publication, distribution, manufacture, or copyr 2021-
300 ## - PHYSICAL DESCRIPTION
Extent volumes :
Other physical details color illustrations ;
Dimensions 22 cm
336 ## - Content Type
Content type term text
336 ## - Content Type
Content type term still image
337 ## - Media type
Media type term unmediated
338 ## - Carrier type
Carrier type term volume
500 ## - GENERAL NOTE
General note Cataloging based on volume 1.
505 0# - FORMATTED CONTENTS NOTE
Formatted contents note volume 1. Barb the last berzerker -- volume 2. Barb and the ghost blade --
520 ## - SUMMARY, ETC.
Summary, etc Barb and her best friend Porkchop the yeti must save her fellow warriors from the evil sorcerer Witch Head before he destroys the land of Bailiwick.
521 0# - TARGET AUDIENCE NOTE
Target audience note 4-6.
Source Simon & Schuster Books for Young Readers.
521 1# - TARGET AUDIENCE NOTE
Target audience note 8-12
Source Brodart.
521 2# - TARGET AUDIENCE NOTE
Target audience note 3-7
Source Brodart.
650 #1 - SUBJECT ADDED ENTRY--TOPICAL TERM
Topical term or geographic name as entry element Graphic novels.
650 #1 - SUBJECT ADDED ENTRY--TOPICAL TERM
Topical term or geographic name as entry element Yeti
Form subdivision Fiction.
9 (RLIN) 5685944
650 #1 - SUBJECT ADDED ENTRY--TOPICAL TERM
Topical term or geographic name as entry element Monsters
Form subdivision Fiction.
9 (RLIN) 5674164
650 #1 - SUBJECT ADDED ENTRY--TOPICAL TERM
Topical term or geographic name as entry element Wizards
Form subdivision Fiction.
9 (RLIN) 5673726
650 #1 - SUBJECT ADDED ENTRY--TOPICAL TERM
Topical term or geographic name as entry element Swords
Form subdivision Fiction.
9 (RLIN) 5729614
650 #1 - SUBJECT ADDED ENTRY--TOPICAL TERM
Topical term or geographic name as entry element Adventure and adventurers
Form subdivision Fiction.
9 (RLIN) 102533
650 #1 - SUBJECT ADDED ENTRY--TOPICAL TERM
Topical term or geographic name as entry element Fantasy.
650 #7 - SUBJECT ADDED ENTRY--TOPICAL TERM
Topical term or geographic name as entry element JUVENILE FICTION / Comics & Graphic Novels / Action & Adventure
Source of heading or term bisacsh
9 (RLIN) 5739125
650 #7 - SUBJECT ADDED ENTRY--TOPICAL TERM
Topical term or geographic name as entry element JUVENILE FICTION / Comics & Graphic Novels / Fantasy
Source of heading or term bisacsh
9 (RLIN) 5739124
650 #0 - SUBJECT ADDED ENTRY--TOPICAL TERM
Topical term or geographic name as entry element Yeti
Form subdivision Comic books, strips, etc.
9 (RLIN) 6435429
650 #0 - SUBJECT ADDED ENTRY--TOPICAL TERM
Topical term or geographic name as entry element Monsters
Form subdivision Comic books, strips, etc.
9 (RLIN) 5692737
650 #0 - SUBJECT ADDED ENTRY--TOPICAL TERM
Topical term or geographic name as entry element Wizards
Form subdivision Comic books, strips, etc.
9 (RLIN) 6358559
650 #7 - SUBJECT ADDED ENTRY--TOPICAL TERM
Topical term or geographic name as entry element JUVENILE FICTION / Comics & Graphic Novels / Humorous.
Source of heading or term bisacsh
9 (RLIN) 5756645
651 #0 - SUBJECT ADDED ENTRY--GEOGRAPHIC NAME
Geographic name Swords
Form subdivision Comic books, strips, etc.
9 (RLIN) 6435430
655 #7 - INDEX TERM--GENRE/FORM
Genre/form data or focus term Graphic novels.
Source of term lcgft
655 #7 - INDEX TERM--GENRE/FORM
Genre/form data or focus term Action and adventure comics.
Source of term lcgft
9 (RLIN) 5716592
655 #7 - INDEX TERM--GENRE/FORM
Genre/form data or focus term Fantasy comics.
Source of term lcgft
700 1# - ADDED ENTRY--PERSONAL NAME
Personal name Abdo, Dan,
Relator term author,
-- illustrator.
9 (RLIN) 6416814
700 0# - ADDED ENTRY--PERSONAL NAME
Personal name Jason
Fuller form of name (Jason Linwood Patterson),
Relator term author,
-- illustrator.
9 (RLIN) 6416816
776 08 - ADDITIONAL PHYSICAL FORM ENTRY
Display text Online version:
Main entry heading Abdo, Dan.
Title Barb the last Berzerker.
Place, publisher, and date of publication New York : Simon & Schuster Books for Young Readers, 2021
International Standard Book Number 9781534485730
Record control number (DLC) 2021009679
910 ## - USER-OPTION DATA (OCLC)
User-option data BRO
942 ## - ADDED ENTRY ELEMENTS (KOHA)
Source of classification or shelving scheme Dewey Decimal Classification
Koha item type BOOK
948 ## - LOCAL PROCESSING INFORMATION (OCLC); SERIES PART DESIGNATOR (RLIN)
Series part designator, SPT (RLIN) CCL
b (OCLC) CHILDREN'S
p (OCLC) X130570369
k (OCLC) J
h (OCLC) 741.5973
i (OCLC) B228 2021
f (OCLC) 1
r (OCLC) 2
g (OCLC) 1
7 (OCLC) 0
u (OCLC) 3
w (OCLC) 11
s (OCLC) 0
o (OCLC) CCL
0 (OCLC) $13.99
y (OCLC) 99
c (OCLC) 35
j (OCLC) Dewey Decimal
v (OCLC) v.1
n (OCLC) On-Order
e (OCLC) 1992464-3
9 (OCLC) Item generated Sep 29 2021 8:17AM
948 ## - LOCAL PROCESSING INFORMATION (OCLC); SERIES PART DESIGNATOR (RLIN)
Series part designator, SPT (RLIN) BAP
b (OCLC) CHILDREN'S
p (OCLC) X130570518
k (OCLC) J
h (OCLC) 741.5973
i (OCLC) B228 2021
f (OCLC) 1
r (OCLC) 2
g (OCLC) 1
7 (OCLC) 0
u (OCLC) 3
w (OCLC) 11
s (OCLC) 0
o (OCLC) BAP
0 (OCLC) $13.99
y (OCLC) 99
c (OCLC) 35
j (OCLC) Dewey Decimal
v (OCLC) v.1
n (OCLC) On-Order
e (OCLC) 1992464-5
9 (OCLC) Item generated Sep 29 2021 8:17AM
948 ## - LOCAL PROCESSING INFORMATION (OCLC); SERIES PART DESIGNATOR (RLIN)
Series part designator, SPT (RLIN) BLK
b (OCLC) CHILDREN'S
p (OCLC) X130570542
k (OCLC) J
h (OCLC) 741.5973
i (OCLC) B228 2021
f (OCLC) 1
r (OCLC) 2
g (OCLC) 1
7 (OCLC) 0
u (OCLC) 3
w (OCLC) 11
s (OCLC) 0
o (OCLC) BLK
0 (OCLC) $13.99
y (OCLC) 99
c (OCLC) 35
j (OCLC) Dewey Decimal
v (OCLC) v.1
n (OCLC) On-Order
e (OCLC) 1992464-1
9 (OCLC) Item generated Sep 29 2021 8:17AM
948 ## - LOCAL PROCESSING INFORMATION (OCLC); SERIES PART DESIGNATOR (RLIN)
Series part designator, SPT (RLIN) BPC
b (OCLC) CHILDREN'S
p (OCLC) X130570716
k (OCLC) J
h (OCLC) 741.5973
i (OCLC) B228 2021
f (OCLC) 1
r (OCLC) 2
g (OCLC) 1
7 (OCLC) 0
u (OCLC) 3
w (OCLC) 11
s (OCLC) 0
o (OCLC) BPC
0 (OCLC) $13.99
y (OCLC) 99
c (OCLC) 35
j (OCLC) Dewey Decimal
v (OCLC) v.1
n (OCLC) On-Order
e (OCLC) 1992464-4
9 (OCLC) Item generated Sep 29 2021 8:17AM
948 ## - LOCAL PROCESSING INFORMATION (OCLC); SERIES PART DESIGNATOR (RLIN)
Series part designator, SPT (RLIN) BFG
b (OCLC) CHILDREN'S
p (OCLC) X130570740
k (OCLC) J
h (OCLC) 741.5973
i (OCLC) B228 2021
f (OCLC) 1
r (OCLC) 2
g (OCLC) 1
7 (OCLC) 0
u (OCLC) 3
w (OCLC) 11
s (OCLC) 0
o (OCLC) BFG
0 (OCLC) $13.99
y (OCLC) 99
c (OCLC) 35
j (OCLC) Dewey Decimal
v (OCLC) v.1
n (OCLC) On-Order
e (OCLC) 1992464-2
9 (OCLC) Item generated Sep 29 2021 8:17AM
Holdings
Withdrawn status Lost status Source of classification or shelving scheme Damaged status Not for loan Collection code Home library Current library Shelving location Date acquired Source of acquisition Serial Enumeration / chronology Total Checkouts Total Renewals Full call number Barcode Date last seen Date checked out Cost, replacement price Price effective from Koha item type
    Dewey Decimal Classification     Junior Graphic Novels Wasatch County Library Wasatch County Library First Floor 07/19/2022 Amazon #1 Barb the Last Berzerker 9 11 J GN Abdo 34301001848102 03/04/2026 01/21/2026 13.99 07/19/2022 BOOK
This project was made possible through a grant from the Institute of Museum and Library Service administered by the Utah State Library Division.

Wasatch County Library

  • 465 East 1200 South, Heber City, Utah 84032
  • Phone 435-654-1511 | Fax 435-654-6456

Hours

  • Monday - Friday 9:30 AM - 8:00 PM
  • Saturday 9:30 AM - 1:30 PM
  • Closed Sundays and Holidays